000 00914nam a2200193 a 4500
008 100621s2002 ||||||||||||||||| || u
020 _a9289433884
050 _aEURO(02)
110 _aEUROPEAN COMMISSION
245 1 0 _aLife sciences and biotechnology: a strategy for Europe
260 _aLuxembourg:
_bOffice for Official Publications of the European Communities
_c2002
300 _a46p.: ill
350 _a0.00
500 _aCommunication from the Commission to the European Parliament, the Council, the Economic and Social Committee and the Committee of the Regions.
650 _aBIOTECHNOLOGY INDUSTRIES--EUROPEAN UNION COMMUNITIES
650 7 _aSCIENCE
_2fast
650 0 _aBIOTECHNOLOGY--ECONOMIC ASPECTS--EUROPEAN UNION COMMUNITIES
995 _D0.00
_FCBU-MAIN LIBRARY (Kitwe)
_H1
_I0.00
_M1
_UAVAILABLE
_WJun 21, 2010
_ZInternational Publications
999 _c49251
_d49251